LEADER 01451nam0-22004211i-450- 001 990005532910203316 005 20050714120000.0 035 $a000553291 035 $aUSA01000553291 035 $a(ALEPH)000553291USA01 035 $a000553291 100 $a20050714d1976-------|0itac50------ba 101 $aita 102 $aIT 105 $a|||| ||||| 200 1 $aValutazione dei bilanci demografici annuali della popolazione presente nelle regioni e nelle province del Mezzogiorno$e1951-1975$fdi Eugenia Malfatti 210 $aMilano$cGiuffre$d1976 215 $aVII, 70 p.$ctab.$d25 cm 225 2$aCollana Francesco Giordani 300 $aIn testa al front.: SVIMEZ 410 1$12001$aCollana Francesco Giordani 606 $aItalia meridionale$xPopolazione$x1951-1975$2FI 620 $dMilano 676 $a304.609457$cPopolazione - Italia meridionale$v21 700 1$aMALFATTI,$bEugenia$0174374 712 02$aSvimez 712 $aGiuffrè 801 $aIT$bSOL$c20120104 912 $a990005532910203316 950 $aDIP.TO SCIENZE ECONOMICHE - (SA)$dDS 300 304.609457 MAL$e802 DISES 951 $a300 304.609457 MAL$b802 DISES 959 $aBK 969 $aDISES 979 $c20121027$lUSA01$h1532 979 $c20121027$lUSA01$h1613 996 $aValutazione dei bilanci demografici annuali della popolazione presente nelle regioni e nelle province del mezzogiorno$9614192 997 $aUNISA NUM $aUSA15330 LEADER 00738cam0 22002413 450 001 SOB005516 005 20120625111749.0 100 $a20040211d1975 |||||ita|0103 ba 101 $ager 102 $aDE 200 1 $a<>Feldweg$fMartin Heidegger 210 $aFrankfurt am Main$cKlostermann$d1975 215 $a8 p.$d17 cm. 700 1$aHeidegger$b, Martin$3AF00018667$4070$010351 801 0$aIT$bUNISOB$c20120625$gRICA 850 $aUNISOB 852 $aUNISOB$j100|Opusc$m23546 912 $aSOB005516 940 $aM 102 Monografia moderna SBN 941 $aM 957 $a100|Opusc$b000190$gSI$d23546$racquisto$1carrano$2UNISOB$3UNISOB$420120625111534.0$520120625111730.0$6carrano 996 $aFeldweg$91730449 997 $aUNISOB